LEADER 02595nam a2200457 a 4500 001 000000121519 003 CaOOAMICUS 005 20100716123900.0 008 100505t2010 it u000 u ita r 040 $aPUL$bita$dReb 041 1 $aita$hger 082 $a180 100 1 $aLorenz, Konrad,$d1903-1989.$0(OLS)http://pul/name/39988 245 10$aLorenz. 260 $aMilano :$bMondadori,$c©2010. 300 $av. <2> ;$c18 cm. 490 1 $aI classici collezione del pensiero ;$v107 ; 113 504 $aInclude riferimenti bibliografici ed indice. 505 0 $aCronologia di Lorenz ; v. 1. Natura e destino / a cura e con introduzione di Irenäus Eibl-Eibesfeldt ; traduzione di Alvise La Rocca ; Il declino dell'uomo / traduzione di Andrea Casalegno. -- v. 2. L'altra faccia dello specchio : per una storia naturale della conoscenza / Traduzione di Claudia Beltramo Coppi ; Gli otto peccati capitali della nostra civiltŕ / Traduzione di Lucia Biocca Marghieri e Lore Fazio Lindner. 700 1 $aEibl-Eibesfeldt, Irenäus,$d1928-$0(OLS)http://pul/name/39989 700 1 $aLa Rocca, Alvise.$0(OLS)http://pul/name/76120 700 1 $aCasalegno, Andrea.$0(OLS)http://pul/name/40011 700 1 $aBeltramo Coppi, Claudia.$0(OLS)http://pul/name/76912 700 1 $aBiocca Marghieri, Lucia.$0(OLS)http://pul/name/76913 700 1 $aFazio Lindner, Lore.$0(OLS)http://pul/name/76914 740 02$aNatura e destino. 740 32$aIl declino dell'uomo. 740 22$aL'altra faccia dello specchio : per una storia naturale della conoscenza. 740 42$aGli otto peccati capitali della nostra civiltŕ. 830 2$aI classici del pensiero (Mondadori) ;$v107 ; 113.$0(OLS)http://pul/title/140256 850 $aPUL 852 $aPUL$W1$xSL Filosofia 3$y81$m180 COLL 1.113$j140708$av. 2$qDDC 21$B139796$CPULBib$Z2$F139796 $H114370 $82 852 $aPUL$W1$xSL Filosofia 3$y81$m180 COLL 1.107$j139472$av. 1$qDDC 21$B138677$CPULBib$Z2$F138677 $H113523 $82 941 1 $a9 996 $6082$a180$9(OLS)http://pul/classification/366 996 $6740$aL'altra faccia dello specchio : per una storia naturale della conoscenza$9(OLS)http://pul/title/154345 996 $6740$aGli otto peccati capitali della nostra civiltŕ$9(OLS)http://pul/title/154346 996 $6245$aLorenz$9(OLS)http://pul/title/152889 996 $6740$aNatura e destino$9(OLS)http://pul/title/152890 996 $6740$aIl declino dell'uomo$9(OLS)http://pul/title/152891 996 $6260$aMilano :$bMondadori$9(OLS)http://pul/publisher/50297 LEADER 01521nam a2200313 a 4500 001 000000121570 003 CaOOAMICUS 005 20100505155500.0 008 100505t2010 it u000 udita r 020 $a978-88-16-40935-4 040 $aPUL$bita$dReb 041 1 $aita$hlat 100 0 $aIohannes,$cdi Fécamp,$dc. 990-1078.$0(OLS)http://pul/name/76148 245 10$aPregare nel Medioevo :$bla Confessione Teologica e altre opere /$cGiovanni di Fécamp ; a cura di Giorgio Maschio. 260 $aMilano :$bJaca Book,$c©2010. 300 $a147 p. ;$c23 cm 490 1 $aBiblioteca di cultura medievale 490 1 $aDi fronte e attraverso ;$v935 650 4$aMonachismo e ordini religiosi.$0(OLS)http://pul/subject/757 700 1 $aMaschio, Giorgio.$0(OLS)http://pul/name/9658 700 0 $aIohannes,$cdi Fécamp,$dc. 990-1078.$tConfessio theologica.$0(OLS)http://pul/nameTitle/1262$0(OLS)http://pul/name/76148$0(OLS)http://pul/title/152963 830 0$aBiblioteca di cultura medievale.$0(OLS)http://pul/title/2253 830 0$aDi fronte e attraverso ;$v935.$0(OLS)http://pul/title/138 850 $aPUL 852 $aPUL$W1$xSL Religione 3$y85$m242 DEFGI 1$j139593$qDDC 21$B138794$CPULBib$Z2$F138794 $H113503 $82 941 1 $a9 996 $6020$a978-88-16-40935-4$9(OLS)http://pul/number/144076 996 $6245$aPregare nel Medioevo :$bla Confessione Teologica e altre opere$9(OLS)http://pul/title/152962 996 $6260$aMilano :$bJaca Book$9(OLS)http://pul/publisher/47900